01359nkm a22002537a 45000010006000000050017000060070007000230080041000300400024000712450071000952600030001663000108001965000223003045000090005275000054006176000033006716510029007046550040007338520012007738560150007859420020009359520133009559990017010888580220260422094333.0kh boc260415s19091911sp ||||| |||| |0| i|spa d aM-RABAbspacM-RABA01a[Monumento a los héroes de Puente Sampayo]h[Material gráfico] aPontevedrac, [1909-1911] a1 fotografíab: gelatino-bromuro de platac: imagen 18 x 13 cm c; soporte secundario 25,5 x 20,5 cm 00aImagen que representa el boceto en arcilla del monumento a los héroes de Puente Sampayo del escultor Julio González Pola, situado en la Plaza de España de Pontevedra (Galicia) e inaugurado el 27 de agosto de1911.00aLa imagen al gelatino-bromuro de plata presenta un espejo de plata bastante avanzado.00aFechas tomadas de la realización del monumento.17aGonzález Pola, Julio92471 7aPontevedra2embne975412 0aFotografías de monumentos9111580 jFot-645 uhttps://archivoybiblioteca.realacademiabellasartessanfernando.com/cgi-bin/koha/opac-retrieve-file.pl?id=42726b835ff2b6a596b804dc1cbeaf03yFot-645 cFOTOGRAFÍAn0 00102ddc40708FOTOGRAFIAaRABASFbRABASFcDP2d2026-04-15l0oFot-645p1096911r2026-04-15 12:17:44w2026-04-15yFOTOGRAFÍA c85802d85802